The public accountability of public budgeting : (Record no. 33801)

MARC details
000 -LEADER
fixed length control field 00759nam a22002417a 4500
008 - FIXED-LENGTH DATA ELEMENTS--GENERAL INFORMATION
fixed length control field 251108b |||||||| |||| 00| 0 eng d
017 ## - LEGAL DEPOSIT NUMBER
Legal deposit number LD.2050
018 ## - LEGAL DEPOSIT YEAR
LDD Year 2025
020 ## - INTERNATIONAL STANDARD BOOK NUMBER
ISBN 9789787973325
040 ## - CATALOGING SOURCE
Original cataloging agency NLN
Language of cataloging English
Description conventions AACR2
100 ## - MAIN ENTRY--AUTHOR
Author EJIKONYE, Emeka
Relator term aut
245 ## - TITLE STATEMENT
Title The public accountability of public budgeting :
Remainder of title a blueprint on good governance in Nigeria /
Statement of responsibility, etc Emeka Ejikonye
260 ## - PUBLICATION, DISTRIBUTION, ETC. (IMPRINT)
Place of publication [S.l.] :
Name of publisher Dragnet Concepts,
Date of publication 2023
300 ## - COLLATION
Pagination xviii, 85p. :
Other physical details ill. (some col.) ; 21cm.
500 ## - GENERAL NOTE
General note Bibliography : p. 75-85
563 ## - BINDING INFORMATION
Binding note (pbk.)
650 ## - TRACINGS
Main Subject Finance, Public
Subdivision (1st) Nigeria
650 ## - TRACINGS
Main Subject Good governance
Subdivision (1st) Nigeria
942 ## - ADDED ENTRY ELEMENTS (KOHA)
Item type Books
Suppress in OPAC No
050 ## - LIBRARY OF CONGRESS CALL NUMBER
Classification number HJ9928
Item number .E36
082 ## - DEWEY DECIMAL CLASSIFICATION NUMBER
Classification number 336.0068
Holdings
Source of classification or shelving scheme Not for loan Home library Current library Date acquired Mode of acquisition Accession No. Full call number Barcode. Copy number Koha item type
Library of Congress Classification   ABUJA LIBRARY BRANCH National Library of Nigeria 08/11/2025 Legal deposit 434369 HJ9928 .E36 434369 1 Books
Library of Congress Classification   ABAKALIKI BRANCH National Library of Nigeria 08/11/2025 Legal deposit 434370 HJ9928 .E36 434370 1 Books
Library of Congress Classification   ABEOKUTA BRANCH LIBRARY National Library of Nigeria 08/11/2025 Legal deposit 434368 HJ9928 .E36 434368 1 Books

National Library of Nigeria OPAC is powered by Koha